000 00299nam a22001217a 4500
008 181205b xxu||||| |||| 00| 0 eng d
041 _aeng
080 _a618
100 _a10
101 _aGYN
245 _aEndocrinology And Metabolism Clinics Of North America
_cJerome.f.s
942 _2udc
_cBK
999 _c52852
_d52852